[路線図付き] JR西日本 大阪環状線 駅名穴埋めクイズ - Statistics

General Stats
  • This quiz has been taken 4,495 times
  • The average score is 15 of 19
Answers on the Map
Answers color-coded by a green-red scale on the quiz's map according to % correct below.
 
Answer Stats
Answer % Correct
大阪環状線 O11 大阪
99%
大阪環状線 O01 天王寺
94%
大阪環状線 O19 新今宮
89%
大阪環状線 O12 福島
87%
大阪環状線 O14 西九条
86%
大阪環状線 O07 大阪城公園
85%
大阪環状線 O08 京橋
85%
大阪環状線 O04 鶴橋
84%
大阪環状線 O18 今宮
84%
大阪環状線 O10 天満
77%
大阪環状線 O06 森ノ宮
76%
大阪環状線 O13 野田
76%
大阪環状線 O16 大正
76%
大阪環状線 O15 弁天町
75%
大阪環状線 O09 桜ノ宮
73%
大阪環状線 O03 桃谷
64%
大阪環状線 O17 芦原橋
64%
大阪環状線 O02 寺田町
63%
大阪環状線 O05 玉造
62%
No matching quizzes found
Score Distribution
Percent of People with Each Score
Percentile by Number Answered
Your Score History
You have not taken this quiz